[Event "April 9 Late 2024"]
[Site "Chess.com"]
[Date "2024.04.09"]
[Round "11"]
[White "Lutz, Igor Oscar"]
[Black "Bogaudinov, Rushan"]
[Result "0-1"]
[Board "67"]
[WhiteFideId "2110806"]
[BlackFideId "4129288"]
[BlackTitle "FM"]
[WhiteElo "2036"]
[BlackElo "2482"]
[WhiteTeam "BRA"]
[BlackTeam "RUS"]
[WhiteClock "0:00:04"]
[BlackClock "0:00:08"]
[Variant "Standard"]

1. d4 {[%clk 0:03:00]}  e6 {[%clk 0:02:31]} 2. c4 {[%clk 0:02:57]}  Nf6 {[%clk 0:02:31]} 3. g3 {[%clk 0:02:51]}  Bb4+ {[%clk 0:02:29]} 4. Bd2 {[%clk 0:02:50]}  a5 {[%clk 0:02:29]} 5. Nf3 {[%clk 0:02:50]}  O-O {[%clk 0:02:29]} 6. Bg2 {[%clk 0:02:50]}  d5 {[%clk 0:02:26]} 7. Qc2 {[%clk 0:02:47]}  dxc4 {[%clk 0:02:26]} 8. Qxc4 {[%clk 0:02:48]}  Qd5 {[%clk 0:02:18]} 9. Qxd5 {[%clk 0:02:42]}  exd5 {[%clk 0:02:16]} 10. O-O {[%clk 0:02:42]}  Ne4 {[%clk 0:02:06]} 11. Nc3 {[%clk 0:02:34]}  Nxd2 {[%clk 0:02:03]} 12. Nxd2 {[%clk 0:02:33]}  c6 {[%clk 0:02:03]} 13. a3 {[%clk 0:02:32]}  Be7 {[%clk 0:01:55]} 14. e4 {[%clk 0:02:21]}  dxe4 {[%clk 0:01:54]} 15. Ndxe4 {[%clk 0:02:19]}  Rd8 {[%clk 0:01:50]} 16. Rad1 {[%clk 0:02:11]}  Bg4 {[%clk 0:01:48]} 17. Rd2 {[%clk 0:02:03]}  Nd7 {[%clk 0:01:37]} 18. d5 {[%clk 0:01:58]}  Ne5 {[%clk 0:01:37]} 19. dxc6 {[%clk 0:01:50]}  bxc6 {[%clk 0:01:36]} 20. f3 {[%clk 0:01:39]}  Be6 {[%clk 0:01:34]} 21. Rfd1 {[%clk 0:01:34]}  Nc4 {[%clk 0:01:22]} 22. Rxd8+ {[%clk 0:01:30]}  Rxd8 {[%clk 0:01:23]} 23. Rxd8+ {[%clk 0:01:30]}  Bxd8 {[%clk 0:01:24]} 24. b4 {[%clk 0:01:20]}  Nxa3 {[%clk 0:01:19]} 25. bxa5 {[%clk 0:01:17]}  Bxa5 {[%clk 0:01:18]} 26. f4 {[%clk 0:01:08]}  f5 {[%clk 0:01:06]} 27. Ng5 {[%clk 0:01:00]}  Bc4 {[%clk 0:01:02]} 28. Na4 {[%clk 0:00:39]}  Bb5 {[%clk 0:00:57]} 29. Nc5 {[%clk 0:00:39]}  Bb6 {[%clk 0:00:51]} 30. Ne6 {[%clk 0:00:37]}  Bc4 {[%clk 0:00:40]} 31. Kh1 {[%clk 0:00:31]}  Bd5 {[%clk 0:00:35]} 32. Bxd5 {[%clk 0:00:28]}  cxd5 {[%clk 0:00:36]} 33. Kg2 {[%clk 0:00:28]}  Bxc5 {[%clk 0:00:35]} 34. Nxc5 {[%clk 0:00:27]}  Kf7 {[%clk 0:00:35]} 35. Kf3 {[%clk 0:00:28]}  Nc4 {[%clk 0:00:34]} 36. Ke2 {[%clk 0:00:23]}  Nd6 {[%clk 0:00:34]} 37. Kd3 {[%clk 0:00:22]}  Nb5 {[%clk 0:00:32]} 38. Nd7 {[%clk 0:00:20]}  Ke6 {[%clk 0:00:30]} 39. Ne5 {[%clk 0:00:19]}  g5 {[%clk 0:00:25]} 40. Ke3 {[%clk 0:00:19]}  g4 {[%clk 0:00:25]} 41. Kd3 {[%clk 0:00:18]}  h5 {[%clk 0:00:24]} 42. Ke3 {[%clk 0:00:15]}  Nd6 {[%clk 0:00:22]} 43. Kd4 {[%clk 0:00:14]}  Ne4 {[%clk 0:00:22]} 44. Ng6 {[%clk 0:00:11]}  Nd2 {[%clk 0:00:20]} 45. Nf8+ {[%clk 0:00:09]}  Kd6 {[%clk 0:00:20]} 46. Ng6 {[%clk 0:00:07]}  Nf3+ {[%clk 0:00:19]} 47. Kd3 {[%clk 0:00:08]}  Nxh2 {[%clk 0:00:19]} 48. Nh4 {[%clk 0:00:09]}  Ke6 {[%clk 0:00:19]} 49. Ng6 {[%clk 0:00:08]}  Nf1 {[%clk 0:00:18]} 50. Nf8+ {[%clk 0:00:07]}  Ke7 {[%clk 0:00:17]} 51. Ng6+ {[%clk 0:00:08]}  Kf6 {[%clk 0:00:17]} 52. Nh4 {[%clk 0:00:06]}  Nxg3 {[%clk 0:00:17]} 53. Kd4 {[%clk 0:00:07]}  Ke6 {[%clk 0:00:17]} 54. Ng2 {[%clk 0:00:05]}  Ne2+ {[%clk 0:00:16]} 55. Ke3 {[%clk 0:00:05]}  Nc3 {[%clk 0:00:14]} 56. Kd4 {[%clk 0:00:06]}  Nb5+ {[%clk 0:00:14]} 57. Kc5 {[%clk 0:00:06]}  Nd6 {[%clk 0:00:14]} 58. Kd4 {[%clk 0:00:06]}  Ne4 {[%clk 0:00:14]} 59. Ke3 {[%clk 0:00:05]}  Kd6 {[%clk 0:00:14]} 60. Kd4 {[%clk 0:00:06]}  Kc6 {[%clk 0:00:13]} 61. Ne3 {[%clk 0:00:06]}  h4 {[%clk 0:00:12]} 62. Nxf5 {[%clk 0:00:05]}  h3 {[%clk 0:00:12]} 63. Ne7+ {[%clk 0:00:05]}  Kd6 {[%clk 0:00:12]} 64. Nxd5 {[%clk 0:00:06]}  h2 {[%clk 0:00:10]} 65. Ne3 {[%clk 0:00:05]}  h1=Q {[%clk 0:00:09]} 66. Nf5+ {[%clk 0:00:05]}  Ke6 {[%clk 0:00:09]} 67. Ng7+ {[%clk 0:00:04]}  Kf6 {[%clk 0:00:08]} 68. Ne8+ {[%clk 0:00:04]}  Kf5 {[%clk 0:00:09]} 69. Nd6+ {[%clk 0:00:04]}  Nxd6 {[%clk 0:00:08]} 70. Kc5 {[%clk 0:00:04]}  Kxf4 {[%clk 0:00:08]} 0-1

[Event "April 9 Late 2024"]
[Site "Chess.com"]
[Date "2024.04.09"]
[Round "11"]
[White "Camacho Collados, Jose"]
[Black "Deviprasath, Sharvesh"]
[Result "1-0"]
[Board "68"]
[WhiteFideId "2265427"]
[BlackFideId "30938228"]
[WhiteTitle "IM"]
[BlackTitle "FM"]
[WhiteElo "2576"]
[BlackElo "2424"]
[WhiteTeam "WLS"]
[BlackTeam "USA"]
[WhiteClock "0:01:46"]
[BlackClock "0:00:57"]
[Variant "Standard"]

1. Nf3 {[%clk 0:03:00]}  f5 {[%clk 0:02:59]} 2. d4 {[%clk 0:02:59]}  Nf6 {[%clk 0:02:59]} 3. c4 {[%clk 0:03:00]}  e6 {[%clk 0:03:00]} 4. Nc3 {[%clk 0:03:00]}  d6 {[%clk 0:02:54]} 5. g3 {[%clk 0:02:59]}  Be7 {[%clk 0:02:55]} 6. Bg2 {[%clk 0:03:00]}  O-O {[%clk 0:02:55]} 7. O-O {[%clk 0:03:01]}  Ne4 {[%clk 0:02:56]} 8. Ne1 {[%clk 0:02:59]}  Nxc3 {[%clk 0:02:50]} 9. bxc3 {[%clk 0:03:00]}  e5 {[%clk 0:02:43]} 10. Rb1 {[%clk 0:02:59]}  Nc6 {[%clk 0:02:40]} 11. Nc2 {[%clk 0:02:41]}  Qe8 {[%clk 0:02:38]} 12. Nb4 {[%clk 0:02:34]}  Nxb4 {[%clk 0:02:20]} 13. cxb4 {[%clk 0:02:35]}  f4 {[%clk 0:02:13]} 14. dxe5 {[%clk 0:02:28]}  Bf5 {[%clk 0:02:03]} 15. Rb3 {[%clk 0:02:20]}  Rd8 {[%clk 0:01:43]} 16. exd6 {[%clk 0:02:09]}  Bxd6 {[%clk 0:01:41]} 17. Bb2 {[%clk 0:01:56]}  fxg3 {[%clk 0:01:38]} 18. hxg3 {[%clk 0:01:56]}  Bxb4 {[%clk 0:01:05]} 19. Bd5+ {[%clk 0:01:53]}  Rxd5 {[%clk 0:00:58]} 20. Qxd5+ {[%clk 0:01:49]}  Be6 {[%clk 0:00:58]} 21. Qe5 {[%clk 0:01:47]}  Bd6 {[%clk 0:00:57]} 22. Qxg7# {[%clk 0:01:46]} 1-0

[Event "April 9 Late 2024"]
[Site "Chess.com"]
[Date "2024.04.09"]
[Round "11"]
[White "Novak, Ratko"]
[Black "Avila Bautista, Roberto Al"]
[Result "0-1"]
[Board "70"]
[WhiteFideId "14511827"]
[BlackFideId "5119987"]
[WhiteTitle "CM"]
[BlackTitle "CM"]
[WhiteElo "2408"]
[BlackElo "2539"]
[WhiteTeam "CRO"]
[BlackTeam "MEX"]
[WhiteClock "0:00:00"]
[BlackClock "0:01:04"]
[Variant "Standard"]

1. d4 {[%clk 0:03:00]}  c5 {[%clk 0:02:59]} 2. dxc5 {[%clk 0:03:00]}  Nf6 {[%clk 0:02:59]} 3. Be3 {[%clk 0:03:00]}  g6 {[%clk 0:02:57]} 4. f3 {[%clk 0:02:58]}  Bg7 {[%clk 0:02:57]} 5. c3 {[%clk 0:02:58]}  O-O {[%clk 0:02:57]} 6. Bf2 {[%clk 0:02:59]}  a5 {[%clk 0:02:57]} 7. e4 {[%clk 0:02:59]}  Qc7 {[%clk 0:02:57]} 8. Na3 {[%clk 0:02:58]}  Na6 {[%clk 0:02:57]} 9. Nb5 {[%clk 0:02:58]}  Qc6 {[%clk 0:02:52]} 10. Nd4 {[%clk 0:02:58]}  Qc7 {[%clk 0:02:52]} 11. Nb5 {[%clk 0:02:53]}  Qc6 {[%clk 0:02:34]} 12. Nd4 {[%clk 0:02:52]}  Qc7 {[%clk 0:02:33]} 13. Bxa6 {[%clk 0:02:47]}  Rxa6 {[%clk 0:02:31]} 14. Nge2 {[%clk 0:02:47]}  d5 {[%clk 0:02:23]} 15. exd5 {[%clk 0:02:34]}  Nxd5 {[%clk 0:02:19]} 16. O-O {[%clk 0:02:31]}  Rd8 {[%clk 0:02:14]} 17. Qa4 {[%clk 0:02:25]}  Bd7 {[%clk 0:02:11]} 18. Qb3 {[%clk 0:02:24]}  e5 {[%clk 0:01:44]} 19. Qxd5 {[%clk 0:01:58]}  exd4 {[%clk 0:01:43]} 20. cxd4 {[%clk 0:01:54]}  Bb5 {[%clk 0:01:42]} 21. Qb3 {[%clk 0:00:34]}  Bxe2 {[%clk 0:01:29]} 22. Rfe1 {[%clk 0:00:33]}  a4 {[%clk 0:01:30]} 23. Qb4 {[%clk 0:00:12]}  Bd3 {[%clk 0:01:28]} 24. Rad1 {[%clk 0:00:11]}  Bf5 {[%clk 0:01:23]} 25. d5 {[%clk 0:00:11]}  Bf8 {[%clk 0:01:16]} 26. d6 {[%clk 0:00:10]}  Qc6 {[%clk 0:01:16]} 27. a3 {[%clk 0:00:07]}  Be6 {[%clk 0:01:13]} 28. Rd2 {[%clk 0:00:04]}  Bg7 {[%clk 0:01:10]} 29. Bd4 {[%clk 0:00:03]}  Bxd4+ {[%clk 0:01:09]} 30. Rxd4 {[%clk 0:00:00]}  b6 {[%clk 0:01:04]} 0-1

[Event "April 9 Late 2024"]
[Site "Chess.com"]
[Date "2024.04.09"]
[Round "11"]
[White "Melikhov, Evgeny V."]
[Black "Padalka, Artem"]
[Result "1-0"]
[Board "72"]
[WhiteFideId "4122046"]
[BlackFideId "14118637"]
[WhiteTitle "FM"]
[BlackTitle "CM"]
[WhiteElo "2449"]
[BlackElo "2344"]
[WhiteTeam "GRE"]
[BlackTeam "POL"]
[WhiteClock "0:00:09"]
[BlackClock "0:00:18"]
[Variant "Standard"]

1. d4 {[%clk 0:03:00]}  Nf6 {[%clk 0:02:59]} 2. c4 {[%clk 0:02:59]}  g6 {[%clk 0:03:00]} 3. Nc3 {[%clk 0:02:59]}  d5 {[%clk 0:03:00]} 4. cxd5 {[%clk 0:02:58]}  Nxd5 {[%clk 0:03:01]} 5. e4 {[%clk 0:02:58]}  Nxc3 {[%clk 0:03:01]} 6. bxc3 {[%clk 0:02:59]}  Bg7 {[%clk 0:03:01]} 7. Bc4 {[%clk 0:03:00]}  c5 {[%clk 0:03:01]} 8. Ne2 {[%clk 0:03:00]}  Nc6 {[%clk 0:03:01]} 9. Be3 {[%clk 0:03:01]}  cxd4 {[%clk 0:02:50]} 10. cxd4 {[%clk 0:03:00]}  Qa5+ {[%clk 0:02:50]} 11. Kf1 {[%clk 0:02:45]}  O-O {[%clk 0:02:46]} 12. h4 {[%clk 0:02:43]}  h5 {[%clk 0:02:46]} 13. Bg5 {[%clk 0:02:15]}  Nxd4 {[%clk 0:02:30]} 14. Nxd4 {[%clk 0:02:06]}  Qc5 {[%clk 0:02:29]} 15. Qb3 {[%clk 0:01:57]}  Bxd4 {[%clk 0:02:18]} 16. Rd1 {[%clk 0:01:50]}  Bxf2 {[%clk 0:02:13]} 17. Rd5 {[%clk 0:01:38]}  Qb6 {[%clk 0:02:09]} 18. Rb5 {[%clk 0:01:14]}  Qd4 {[%clk 0:02:05]} 19. Bxe7 {[%clk 0:01:11]}  Be6 {[%clk 0:01:39]} 20. Bxe6 {[%clk 0:00:54]}  fxe6 {[%clk 0:01:32]} 21. Bxf8 {[%clk 0:00:47]}  Rxf8 {[%clk 0:01:29]} 22. Qxe6+ {[%clk 0:00:45]}  Kh8 {[%clk 0:01:25]} 23. Rf5 {[%clk 0:00:16]}  gxf5 {[%clk 0:01:10]} 24. Qh6+ {[%clk 0:00:16]}  Kg8 {[%clk 0:01:10]} 25. Qg6+ {[%clk 0:00:16]}  Qg7 {[%clk 0:01:09]} 26. Qxg7+ {[%clk 0:00:16]}  Kxg7 {[%clk 0:01:09]} 27. Kxf2 {[%clk 0:00:17]}  fxe4+ {[%clk 0:01:10]} 28. Ke3 {[%clk 0:00:17]}  Re8 {[%clk 0:01:06]} 29. Rc1 {[%clk 0:00:16]}  Re7 {[%clk 0:01:06]} 30. Rc4 {[%clk 0:00:15]}  Kf6 {[%clk 0:01:02]} 31. Rc5 {[%clk 0:00:15]}  Kg6 {[%clk 0:00:48]} 32. g4 {[%clk 0:00:12]}  hxg4 {[%clk 0:00:47]} 33. Rg5+ {[%clk 0:00:12]}  Kh6 {[%clk 0:00:47]} 34. Rxg4 {[%clk 0:00:13]}  Kh5 {[%clk 0:00:47]} 35. Rxe4 {[%clk 0:00:13]}  Rc7 {[%clk 0:00:29]} 36. a4 {[%clk 0:00:12]}  b6 {[%clk 0:00:29]} 37. Kd3 {[%clk 0:00:11]}  Rc5 {[%clk 0:00:28]} 38. Rd4 {[%clk 0:00:11]}  Rc1 {[%clk 0:00:23]} 39. Re4 {[%clk 0:00:08]}  Rc5 {[%clk 0:00:21]} 40. Rc4 {[%clk 0:00:07]}  Rd5+ {[%clk 0:00:19]} 41. Kc3 {[%clk 0:00:07]}  Re5 {[%clk 0:00:18]} 42. Rd4 {[%clk 0:00:07]}  Rc5+ {[%clk 0:00:18]} 43. Kb4 {[%clk 0:00:07]}  Rc7 {[%clk 0:00:12]} 44. Kb5 {[%clk 0:00:06]}  Rc5+ {[%clk 0:00:13]} 45. Kb4 {[%clk 0:00:07]}  Ra5 {[%clk 0:00:14]} 46. Re4 {[%clk 0:00:05]}  Kg6 {[%clk 0:00:13]} 47. Rg4+ {[%clk 0:00:05]}  Kf5 {[%clk 0:00:14]} 48. Rg5+ {[%clk 0:00:05]}  Kf4 {[%clk 0:00:14]} 49. Rxa5 {[%clk 0:00:05]}  bxa5+ {[%clk 0:00:14]} 50. Kxa5 {[%clk 0:00:05]}  Kg4 {[%clk 0:00:14]} 51. Ka6 {[%clk 0:00:06]}  Kxh4 {[%clk 0:00:15]} 52. Kxa7 {[%clk 0:00:06]}  Kg5 {[%clk 0:00:15]} 53. Kb7 {[%clk 0:00:06]}  Kf6 {[%clk 0:00:16]} 54. a5 {[%clk 0:00:07]}  Ke7 {[%clk 0:00:16]} 55. a6 {[%clk 0:00:07]}  Kd7 {[%clk 0:00:16]} 56. a7 {[%clk 0:00:08]}  Ke7 {[%clk 0:00:17]} 57. a8=Q {[%clk 0:00:08]}  Kd7 {[%clk 0:00:17]} 58. Qa6 {[%clk 0:00:08]}  Ke7 {[%clk 0:00:18]} 59. Kc7 {[%clk 0:00:08]}  Kf7 {[%clk 0:00:18]} 60. Kd7 {[%clk 0:00:09]}  Kg7 {[%clk 0:00:18]} 61. Ke7 {[%clk 0:00:09]}  Kh7 {[%clk 0:00:18]} 62. Kf7 {[%clk 0:00:09]}  Kh8 {[%clk 0:00:18]} 63. Qh6# {[%clk 0:00:09]} 1-0

[Event "April 9 Late 2024"]
[Site "Chess.com"]
[Date "2024.04.09"]
[Round "11"]
[White "Mesa Cruz, Juan Carlos"]
[Black "Janaszak, Dawid"]
[Result "0-1"]
[Board "77"]
[WhiteFideId "6423400"]
[BlackFideId "1119206"]
[WhiteTitle "CM"]
[BlackTitle "FM"]
[WhiteElo "2365"]
[BlackElo "2595"]
[WhiteTeam "DOM"]
[BlackTeam "POL"]
[WhiteClock "0:00:00"]
[BlackClock "0:00:18"]
[Variant "Standard"]

1. e4 {[%clk 0:03:00]}  c5 {[%clk 0:02:59]} 2. Nf3 {[%clk 0:02:58]}  g6 {[%clk 0:02:59]} 3. c3 {[%clk 0:02:44]}  d5 {[%clk 0:02:57]} 4. exd5 {[%clk 0:02:44]}  Qxd5 {[%clk 0:02:58]} 5. Na3 {[%clk 0:02:44]}  Bg7 {[%clk 0:02:56]} 6. Nc4 {[%clk 0:02:41]}  Nf6 {[%clk 0:02:52]} 7. Ne3 {[%clk 0:02:39]}  Qd6 {[%clk 0:02:46]} 8. g3 {[%clk 0:02:35]}  O-O {[%clk 0:02:46]} 9. Bg2 {[%clk 0:02:34]}  Rd8 {[%clk 0:02:41]} 10. O-O {[%clk 0:02:32]}  Nc6 {[%clk 0:02:41]} 11. Qe2 {[%clk 0:02:24]}  b6 {[%clk 0:02:29]} 12. d4 {[%clk 0:02:21]}  cxd4 {[%clk 0:02:22]} 13. cxd4 {[%clk 0:02:01]}  a5 {[%clk 0:02:19]} 14. Re1 {[%clk 0:01:56]}  Ba6 {[%clk 0:02:18]} 15. Qd1 {[%clk 0:01:55]}  Rac8 {[%clk 0:02:14]} 16. Qb3 {[%clk 0:01:53]}  Nxd4 {[%clk 0:02:05]} 17. Nxd4 {[%clk 0:01:49]}  Qxd4 {[%clk 0:02:06]} 18. Nf1 {[%clk 0:01:31]}  Ng4 {[%clk 0:01:56]} 19. Qf3 {[%clk 0:01:12]}  Bb7 {[%clk 0:01:46]} 20. Qe2 {[%clk 0:01:10]}  Bxg2 {[%clk 0:01:32]} 21. Kxg2 {[%clk 0:01:11]}  Qd5+ {[%clk 0:01:29]} 22. f3 {[%clk 0:01:09]}  Ne5 {[%clk 0:01:16]} 23. Be3 {[%clk 0:00:49]}  Nd3 {[%clk 0:01:12]} 24. Red1 {[%clk 0:00:41]}  Rd6 {[%clk 0:01:06]} 25. Bg1 {[%clk 0:00:35]}  Rcd8 {[%clk 0:00:55]} 26. Ne3 {[%clk 0:00:31]}  Qb5 {[%clk 0:00:51]} 27. Kf1 {[%clk 0:00:13]}  f5 {[%clk 0:00:44]} 28. b3 {[%clk 0:00:08]}  Bxa1 {[%clk 0:00:43]} 29. Rxa1 {[%clk 0:00:09]}  Qe5 {[%clk 0:00:40]} 30. Rb1 {[%clk 0:00:05]}  b5 {[%clk 0:00:38]} 31. Qc2 {[%clk 0:00:04]}  f4 {[%clk 0:00:34]} 32. Ng4 {[%clk 0:00:03]}  Qh5 {[%clk 0:00:23]} 33. Qc3 {[%clk 0:00:03]}  Qh3+ {[%clk 0:00:19]} 34. Ke2 {[%clk 0:00:03]}  Re6+ {[%clk 0:00:20]} 35. Kd2 {[%clk 0:00:00]}  Nb4+ {[%clk 0:00:18]} 0-1

[Event "April 9 Late 2024"]
[Site "Chess.com"]
[Date "2024.04.09"]
[Round "11"]
[White "Schut, Han"]
[Black "Dwilewicz, Katarzyna"]
[Result "0-1"]
[Board "87"]
[WhiteFideId "1005561"]
[BlackFideId "1148486"]
[WhiteTitle "CM"]
[BlackTitle "WFM"]
[WhiteElo "2287"]
[BlackElo "2406"]
[WhiteTeam "NED"]
[BlackTeam "POL"]
[WhiteClock "0:00:00"]
[BlackClock "0:00:05"]
[Variant "Standard"]

1. e4 {[%clk 0:03:00]}  c5 {[%clk 0:02:54]} 2. Nf3 {[%clk 0:03:00]}  e6 {[%clk 0:02:55]} 3. c4 {[%clk 0:03:00]}  Nc6 {[%clk 0:02:53]} 4. Nc3 {[%clk 0:03:01]}  e5 {[%clk 0:02:54]} 5. Nd5 {[%clk 0:03:00]}  g6 {[%clk 0:02:51]} 6. b4 {[%clk 0:02:55]}  cxb4 {[%clk 0:02:48]} 7. a3 {[%clk 0:02:49]}  bxa3 {[%clk 0:02:48]} 8. Bxa3 {[%clk 0:02:48]}  Bxa3 {[%clk 0:02:48]} 9. Rxa3 {[%clk 0:02:49]}  Nf6 {[%clk 0:02:41]} 10. d4 {[%clk 0:02:41]}  exd4 {[%clk 0:02:37]} 11. Nxd4 {[%clk 0:02:39]}  O-O {[%clk 0:02:34]} 12. f3 {[%clk 0:02:20]}  Re8 {[%clk 0:02:17]} 13. Be2 {[%clk 0:01:52]}  d6 {[%clk 0:01:41]} 14. O-O {[%clk 0:01:40]}  Bd7 {[%clk 0:01:40]} 15. Nb5 {[%clk 0:01:33]}  Nxd5 {[%clk 0:01:30]} 16. cxd5 {[%clk 0:01:29]}  Ne5 {[%clk 0:01:29]} 17. Qd4 {[%clk 0:01:13]}  Bxb5 {[%clk 0:00:58]} 18. Bxb5 {[%clk 0:01:14]}  Re7 {[%clk 0:00:58]} 19. Rxa7 {[%clk 0:01:10]}  Rxa7 {[%clk 0:00:54]} 20. Qxa7 {[%clk 0:01:11]}  Qc7 {[%clk 0:00:54]} 21. Qe3 {[%clk 0:00:55]}  Qa5 {[%clk 0:00:42]} 22. Be2 {[%clk 0:00:40]}  Rc7 {[%clk 0:00:40]} 23. f4 {[%clk 0:00:26]}  Nc4 {[%clk 0:00:39]} 24. Qd4 {[%clk 0:00:13]}  Qc5 {[%clk 0:00:39]} 25. Qxc5 {[%clk 0:00:13]}  Rxc5 {[%clk 0:00:40]} 26. Rc1 {[%clk 0:00:12]}  b5 {[%clk 0:00:40]} 27. Bxc4 {[%clk 0:00:12]}  bxc4 {[%clk 0:00:30]} 28. Kf2 {[%clk 0:00:13]}  c3 {[%clk 0:00:29]} 29. Ke3 {[%clk 0:00:13]}  c2 {[%clk 0:00:29]} 30. Kd3 {[%clk 0:00:13]}  Rc4 {[%clk 0:00:30]} 31. Rxc2 {[%clk 0:00:14]}  Ra4 {[%clk 0:00:20]} 32. g3 {[%clk 0:00:13]}  Kf8 {[%clk 0:00:17]} 33. Rc7 {[%clk 0:00:11]}  Ra2 {[%clk 0:00:15]} 34. Rd7 {[%clk 0:00:10]}  Rxh2 {[%clk 0:00:13]} 35. Rxd6 {[%clk 0:00:10]}  Rg2 {[%clk 0:00:13]} 36. Rf6 {[%clk 0:00:08]}  Rxg3+ {[%clk 0:00:13]} 37. Kd4 {[%clk 0:00:09]}  h5 {[%clk 0:00:13]} 38. e5 {[%clk 0:00:07]}  Ke8 {[%clk 0:00:12]} 39. e6 {[%clk 0:00:07]}  fxe6 {[%clk 0:00:11]} 40. Rxe6+ {[%clk 0:00:07]}  Kf7 {[%clk 0:00:09]} 41. Ra6 {[%clk 0:00:05]}  h4 {[%clk 0:00:05]} 42. Ra7+ {[%clk 0:00:01]}  Kf6 {[%clk 0:00:04]} 43. Ra6+ {[%clk 0:00:00]}  Kf5 {[%clk 0:00:05]} 0-1

[Event "April 9 Late 2024"]
[Site "Chess.com"]
[Date "2024.04.09"]
[Round "11"]
[White "Hoffmann, Asa"]
[Black "Quirke, Jeffrey"]
[Result "1-0"]
[Board "89"]
[WhiteFideId "2001470"]
[BlackFideId "2013029"]
[WhiteTitle "FM"]
[WhiteElo "2348"]
[BlackElo "2243"]
[WhiteTeam "USA"]
[BlackTeam "USA"]
[WhiteClock "0:01:02"]
[BlackClock "0:00:02"]
[Variant "Standard"]

1. d4 {[%clk 0:02:50]}  g6 {[%clk 0:02:59]} 2. e4 {[%clk 0:02:46]}  Bg7 {[%clk 0:02:59]} 3. Be3 {[%clk 0:02:46]}  d6 {[%clk 0:02:53]} 4. f3 {[%clk 0:02:45]}  a6 {[%clk 0:02:52]} 5. Qd2 {[%clk 0:02:45]}  Nd7 {[%clk 0:02:50]} 6. Nc3 {[%clk 0:02:45]}  b5 {[%clk 0:02:50]} 7. O-O-O {[%clk 0:02:44]}  Bb7 {[%clk 0:02:50]} 8. h4 {[%clk 0:02:41]}  h5 {[%clk 0:02:50]} 9. Nh3 {[%clk 0:02:41]}  c6 {[%clk 0:02:46]} 10. Ng5 {[%clk 0:02:40]}  Qa5 {[%clk 0:02:44]} 11. Kb1 {[%clk 0:02:38]}  Rc8 {[%clk 0:02:40]} 12. a3 {[%clk 0:02:34]}  Ngf6 {[%clk 0:02:24]} 13. g3 {[%clk 0:02:31]}  Qc7 {[%clk 0:02:19]} 14. Bh3 {[%clk 0:02:30]}  Rb8 {[%clk 0:02:09]} 15. e5 {[%clk 0:02:19]}  dxe5 {[%clk 0:02:05]} 16. dxe5 {[%clk 0:02:19]}  Nxe5 {[%clk 0:01:28]} 17. Bf4 {[%clk 0:02:18]}  Nd5 {[%clk 0:01:23]} 18. Nxd5 {[%clk 0:02:10]}  cxd5 {[%clk 0:01:23]} 19. Rhe1 {[%clk 0:02:03]}  Nc4 {[%clk 0:00:17]} 20. Qe2 {[%clk 0:01:52]}  Nxa3+ {[%clk 0:00:13]} 21. bxa3 {[%clk 0:01:48]}  Qc5 {[%clk 0:00:08]} 22. Qe3 {[%clk 0:01:23]}  Qxe3 {[%clk 0:00:03]} 23. Rxe3 {[%clk 0:01:21]}  Rd8 {[%clk 0:00:04]} 24. Bc7 {[%clk 0:01:16]}  Ra8 {[%clk 0:00:04]} 25. Bd6 {[%clk 0:01:10]}  e6 {[%clk 0:00:03]} 26. f4 {[%clk 0:01:05]}  Kd7 {[%clk 0:00:03]} 27. Bc5 {[%clk 0:01:04]}  Rhc8 {[%clk 0:00:02]} 28. Bd4 {[%clk 0:01:03]}  Rc4 {[%clk 0:00:02]} 29. Bxg7 {[%clk 0:01:02]} 1-0

[Event "April 9 Late 2024"]
[Site "Chess.com"]
[Date "2024.04.09"]
[Round "11"]
[White "Montano Vicente, Guadalupe"]
[Black "Gerbelli Neto, Eduardo"]
[Result "0-1"]
[Board "90"]
[WhiteFideId "5181399"]
[BlackFideId "2103281"]
[WhiteElo "2287"]
[BlackElo "2360"]
[WhiteTeam "MEX"]
[BlackTeam "BRA"]
[WhiteClock "0:00:07"]
[BlackClock "0:00:20"]
[Variant "Standard"]

1. d4 {[%clk 0:03:00]}  d5 {[%clk 0:02:59]} 2. c4 {[%clk 0:03:01]}  c6 {[%clk 0:03:00]} 3. Nc3 {[%clk 0:02:52]}  Nf6 {[%clk 0:03:00]} 4. Bg5 {[%clk 0:02:50]}  Ne4 {[%clk 0:02:52]} 5. Bf4 {[%clk 0:02:41]}  e6 {[%clk 0:02:48]} 6. cxd5 {[%clk 0:02:35]}  exd5 {[%clk 0:02:44]} 7. Nf3 {[%clk 0:02:27]}  Bb4 {[%clk 0:02:42]} 8. Bd2 {[%clk 0:02:23]}  Nxd2 {[%clk 0:02:40]} 9. Nxd2 {[%clk 0:02:22]}  O-O {[%clk 0:02:14]} 10. Qc2 {[%clk 0:02:19]}  Qf6 {[%clk 0:02:11]} 11. e3 {[%clk 0:02:17]}  Bf5 {[%clk 0:02:01]} 12. Bd3 {[%clk 0:02:16]}  Bxd3 {[%clk 0:02:00]} 13. Qxd3 {[%clk 0:02:15]}  Nd7 {[%clk 0:02:00]} 14. O-O {[%clk 0:02:14]}  Rfe8 {[%clk 0:01:56]} 15. a3 {[%clk 0:02:08]}  Ba5 {[%clk 0:01:51]} 16. b4 {[%clk 0:02:07]}  Bc7 {[%clk 0:01:51]} 17. Ne2 {[%clk 0:02:06]}  Qh4 {[%clk 0:01:39]} 18. g3 {[%clk 0:02:02]}  Qh3 {[%clk 0:01:37]} 19. Rfc1 {[%clk 0:01:52]}  Nf6 {[%clk 0:01:36]} 20. f3 {[%clk 0:01:47]}  a6 {[%clk 0:01:36]} 21. a4 {[%clk 0:01:43]}  Qe6 {[%clk 0:01:24]} 22. Ra3 {[%clk 0:01:35]}  Bd6 {[%clk 0:01:21]} 23. Rb3 {[%clk 0:01:35]}  Rac8 {[%clk 0:01:16]} 24. a5 {[%clk 0:01:08]}  Qe7 {[%clk 0:01:14]} 25. Qc3 {[%clk 0:01:03]}  h5 {[%clk 0:01:11]} 26. Kf2 {[%clk 0:00:50]}  h4 {[%clk 0:01:10]} 27. Rg1 {[%clk 0:00:46]}  Nh5 {[%clk 0:00:59]} 28. Nf4 {[%clk 0:00:32]}  Nxf4 {[%clk 0:00:48]} 29. gxf4 {[%clk 0:00:32]}  Bxf4 {[%clk 0:00:45]} 30. Nf1 {[%clk 0:00:28]}  Bd6 {[%clk 0:00:42]} 31. Rg4 {[%clk 0:00:21]}  f5 {[%clk 0:00:40]} 32. Rg6 {[%clk 0:00:19]}  Kf7 {[%clk 0:00:35]} 33. Rg2 {[%clk 0:00:18]}  h3 {[%clk 0:00:29]} 34. Rg1 {[%clk 0:00:17]}  Qh4+ {[%clk 0:00:29]} 35. Ke2 {[%clk 0:00:17]}  f4 {[%clk 0:00:28]} 36. Qd3 {[%clk 0:00:16]}  Qh5 {[%clk 0:00:22]} 37. e4 {[%clk 0:00:12]}  Rxe4+ {[%clk 0:00:21]} 38. Kf2 {[%clk 0:00:11]}  Re6 {[%clk 0:00:20]} 39. Rb2 {[%clk 0:00:07]}  Qh4+ {[%clk 0:00:20]} 0-1